<?xml version="1.0" encoding="UTF-8"?>
<record
    xmlns:xsi="http://www.w3.org/2001/XMLSchema-instance"
    xsi:schemaLocation="http://www.loc.gov/MARC21/slim http://www.loc.gov/standards/marcxml/schema/MARC21slim.xsd"
    xmlns="http://www.loc.gov/MARC21/slim">

  <leader>00720nam a2200217 a 4500</leader>
  <controlfield tag="001">BRCA_9112</controlfield>
  <controlfield tag="005">20190320210526.0</controlfield>
  <controlfield tag="008">051017s2016----mx-a######---#000-0#spa-#</controlfield>
  <datafield tag="041" ind1=" " ind2=" ">
    <subfield code="a">spa</subfield>
  </datafield>
  <datafield tag="044" ind1=" " ind2=" ">
    <subfield code="a">mx</subfield>
  </datafield>
  <datafield tag="050" ind1=" " ind2="4">
    <subfield code="a">N910.M42</subfield>
    <subfield code="b">.R93 2016</subfield>
  </datafield>
  <datafield tag="100" ind1="1" ind2=" ">
    <subfield code="a">Rubio de los Santos, Mariana</subfield>
    <subfield code="9">22489</subfield>
  </datafield>
  <datafield tag="245" ind1="1" ind2="0">
    <subfield code="a">Retratos de luz, mercurio y plata</subfield>
    <subfield code="b">dos daguerrotipos del Museo Franz Mayer.</subfield>
  </datafield>
  <datafield tag="260" ind1=" " ind2=" ">
    <subfield code="a">Ciudad de M&#xE9;xico</subfield>
    <subfield code="c">2016</subfield>
  </datafield>
  <datafield tag="300" ind1=" " ind2=" ">
    <subfield code="a">105 p.</subfield>
    <subfield code="b">il. (algunas a color)</subfield>
    <subfield code="c">23 cm.</subfield>
  </datafield>
  <datafield tag="502" ind1=" " ind2=" ">
    <subfield code="a">Ensayo Acad&#xE9;mico (Maestra en Historia del Arte) UNAM, 2016</subfield>
  </datafield>
  <datafield tag="610" ind1="2" ind2="4">
    <subfield code="a">Museo Franz Mayer (Ciudad de M&#xE9;xico)</subfield>
    <subfield code="x">Daguerrotipo</subfield>
    <subfield code="9">22490</subfield>
  </datafield>
  <datafield tag="700" ind1="1" ind2=" ">
    <subfield code="a">Casanova Garc&#xED;a, Rosa</subfield>
    <subfield code="e">Tutora</subfield>
    <subfield code="9">22491</subfield>
  </datafield>
  <datafield tag="902" ind1=" " ind2=" ">
    <subfield code="a">TES</subfield>
  </datafield>
  <datafield tag="942" ind1=" " ind2=" ">
    <subfield code="2">lcc</subfield>
    <subfield code="c">TES</subfield>
  </datafield>
  <datafield tag="999" ind1=" " ind2=" ">
    <subfield code="c">8760</subfield>
    <subfield code="d">8760</subfield>
  </datafield>
  <datafield tag="952" ind1=" " ind2=" ">
    <subfield code="0">0</subfield>
    <subfield code="1">0</subfield>
    <subfield code="4">0</subfield>
    <subfield code="7">0</subfield>
    <subfield code="a">BRCA</subfield>
    <subfield code="b">BRCA</subfield>
    <subfield code="d">2017-10-05</subfield>
    <subfield code="l">0</subfield>
    <subfield code="o">N910.M42 .R93 2016</subfield>
    <subfield code="p">TES00067</subfield>
    <subfield code="r">2019-03-22 00:00:00</subfield>
    <subfield code="w">2019-03-22</subfield>
    <subfield code="y">TES</subfield>
  </datafield>
</record>
